000 00778nam a22002177a 4500
999 _c62299
_d62299
005 20240920104235.0
008 240920s2018 enk||||| |||| 00| 0 eng d
020 _a9781498750424x
041 _aeng
080 _a504.5+574 L-23
100 _aLandis, Wayne
_923252
245 _aIntroduction to Environmental Toxicology :
_bMolecular Substructures to Ecological Landscapes
_c Wayne Landis, Ruth Sofield, Ming-Ho Yu
250 _aFifth Edition
264 _aLondon :
_bCRC Press,
_c2018.
300 _a470 p.:
_bill.;
_c26 cm.
653 _aშესავალი გარემოს ტოქსიკოლოგიაში
653 _aეკოლოგია
700 _aSofield, Ruth
_923253
700 _a Yu, Ming-Ho
_923254
942 _2udc
_cᲬᲘᲒᲜᲘ